Lecture notes. (Record no. 21493)

MARC details
000 -LEADER
fixed length control field 01203cam a22003015a 4500
001 - CONTROL NUMBER
control field ocm64067530
003 - CONTROL NUMBER IDENTIFIER
control field OSt
005 - DATE AND TIME OF LATEST TRANSACTION
control field 20160323143208.0
008 - FIXED-LENGTH DATA ELEMENTS--GENERAL INFORMATION
fixed length control field 060209s2007 maua frb 001 0 eng d
020 ## - INTERNATIONAL STANDARD BOOK NUMBER
International Standard Book Number 1405129328 (pbk. : alk. paper)
020 ## - INTERNATIONAL STANDARD BOOK NUMBER
International Standard Book Number 9781405129329 (pbk. : alk. paper)
040 ## - CATALOGING SOURCE
Original cataloging agency DNLM/DLC
Transcribing agency DLC
Modifying agency NLM
-- BAKER
-- BTCTA
-- BWKUK
-- YDXCP
-- YDX
-- EG-ScBUE
Language of cataloging eng
082 04 - DEWEY DECIMAL CLASSIFICATION NUMBER
Classification number 616.9041
Edition number 22
Item number LEC
245 00 - TITLE STATEMENT
Title Lecture notes.
Name of part/section of a work Medical microbiology and infection /
Statement of responsibility, etc Tom Elliott ... [et al.]
246 30 - VARYING FORM OF TITLE
Title proper/short title Medical microbiology and infection
250 ## - EDITION STATEMENT
Edition statement 4th ed.
260 ## - PUBLICATION, DISTRIBUTION, ETC. (IMPRINT)
Place of publication, distribution, etc Malden ;
-- Oxford ;
-- Victoria :
Name of publisher, distributor, etc Blackwell Publishing,
Date of publication, distribution, etc 2007.
300 ## - PHYSICAL DESCRIPTION
Extent vii, 273 p. :
Other physical details ill. (col.) ;
Dimensions 25 cm.
490 0# - Series Statement
Series statement Lecture notes series.
500 ## - GENERAL NOTE
General note Rev. ed. of: Lecture notes on medical microbiology / Tom Elliott, Mark Hastings, Ulrich Desselberger. 1997.
504 ## - BIBLIOGRAPHY, ETC. NOTE
Bibliography, etc Includes bibliographical references and indexes.
650 #7 - SUBJECT ADDED ENTRY--TOPICAL TERM
Topical term or geographic name as entry element Medical microbiology
Form subdivision Outlines, syllabi, etc.
Source of heading or term BUEsh
9 (RLIN) 27322
651 ## - SUBJECT ADDED ENTRY--GEOGRAPHIC NAME
Source of heading or term BUEsh
653 ## - INDEX TERM--UNCONTROLLED
Resource For college Pharmacy
Arrived date list March2016
700 1# - ADDED ENTRY--PERSONAL NAME
Personal name Elliott, Tom
Fuller form of name (Thomas Stuart Jackson)
700 1# - ADDED ENTRY--PERSONAL NAME
Personal name Elliott, Tom,
Titles and other words associated with a name FRCPath.
Title of a work Lecture notes on medical microbiology.
942 ## - ADDED ENTRY ELEMENTS (KOHA)
Source of classification or shelving scheme Dewey Decimal Classification
Holdings
Withdrawn status Item status Source of classification or shelving scheme Damaged status Not for loan Vendor Home library Current library Shelving location Date acquired Source of acquisition Cost, normal purchase price Serial Enumeration / chronology Total Checkouts Total Renewals Full call number Barcode Date last seen Date last borrowed Koha item type
    Dewey Decimal Classification     Scientific home BookShop Central Library Central Library First floor 23/03/2016 Purchase 250.00 1 3 7 616.9041 LEC 000032173 17/11/2025 13/10/2025 Book - Borrowing